5-Letter Ends in 'N' Quiz Stats

 Plays Quiz Updated Jul 28, 2015

Score 0/26 Timer 04:00
0 Plays Today
5-Letter Word % Correct
Ggreen
97.6%
Llemon
97.6%
JJapan
97.4%
Qqueen
96.7%
EEllen
96.7%
Ffrown
96.5%
Hhuman
96.2%
PPutin
95.7%
TTyson
95.1%
Nnylon
94.4%
DDijon
92.2%
Wwagon
91.5%
Oorgan
90.7%
5-Letter Word % Correct
Uurban
90%
YYemen
89.2%
KKoran
87.3%
Aacorn
87.3%
Mmoron
86.9%
Vvixen
85.6%
Xxenon
82.5%
Sstein
73.4%
Ccumin
72.4%
RRodin
60.3%
IIbsen
49.6%
Bbaron
47.9%
ZZubin
23.9%

You're not logged in!

Compare scores with friends on all Sporcle quizzes.
OR
Log In

Show Comments

Extras

Top Quizzes Today


Score Distribution

Your Account Isn't Verified!

In order to create a playlist on Sporcle, you need to verify the email address you used during registration. Go to your Sporcle Settings to finish the process.

Report this User

Report this user for behavior that violates our Community Guidelines.

Details: